000 00916nam a2200205 a 4500
001 14584
003 CO-ViMGA
008 141112s2004 ck r 000 u spa d
020 _a9584102435
040 _aCO-ViMGA
_bspa
_cCO-ViMGA
082 0 4 _a500.1 C173c - 8
100 1 _aCardenas Salgado, Fidel Antonio; Gelvez Sanchez, Carlos Arturo.; Nieto Diaz, Jorge Adolfo.
_921322
245 1 0 _aCiencias :
_bTecnologia y sociedad 8
260 _aBogotá. McGraw Hill.2002
300 _a189.p.il.
505 _aReproducción - herencia Respiración - homeostasis Excreción - homeostasis Ciclos biogeoquímicos - carbono - nitrógeno - fósforo Ecosistema - beneficio - peligro Atomo - estructura - bioelementos - biogenicos Fluidos - propiedades - actividades humanas Tierra - eras geológicas Ciencias : Tecnología y sociedad 8
650 1 4 _aCIENCIAS - ENSEÑANZA
650 1 4 _aTECNOLOGIA EDUCATIVA
942 _2ddc
_cBK
999 _c25169
_d25169